000 00210nam a2200109Ia 4500
100 _aRUDOLF FLESCH
942 _cBK
245 _aTHE ART OF CLEAR THINKING
260 _b#N/A
546 _aENGLISH
999 _c26790
_d26790